| Registos Bibliográficos associados ao registo de autoridade |
|
Etiqueta de registo: 00455nam 22001571i 450 001 1272250 003 http://id.bnportugal.gov.pt/bib/catbnp/1272250 100 ## $a20020801d1908 m y0pory0103 ba 101 0# $afre 102 ## $aFR 200 1# $aJournal d'une Expulsée$fcarta de S. E. o Card. Merry Del Val$gpref. de François Coppée 205 ## $a4ème éd 210 #9 $aParis$cLibr. Victor Lecoffre$d1908 215 ## $a1 vol.$d19 cm 700 #1 $aDel Val,$bRaphaêl Merry,$f1865-$3454413 702 #1 $aCoppé,$bFrançois,$f1842-1908$4080$31206555 801 #0 $aPT$bBN 801 #1 $aFR$bJOUVE 966 ## $lBN$mFGMON$sR. 26956 P.$x0 997 ## $aBIBEOD
Etiqueta de registo: 00612nam 22001811i 450 001 1248749 003 http://id.bnportugal.gov.pt/bib/catbnp/1248749 100 ## $a20020702d1923 m y0pory0103 ba 101 1# $apor 102 ## $aPT 200 1# $a A entrevista$eprecedida duma carta para o outro Mundo. A Luis Calado Nunes (Esboço biografico)$fCruz Magalhães$gTraducção do "Rendez-Vous" de François Coppé [Sic] 210 #9 $aLisboa$c"Alma Nova",$d[D.L. 1923] 215 ## $a80 p.$cil.$d22 cm 700 #1 $aMagalhães,$bCruz,$f1864-1928$384393 702 #1 $aCoppé,$bFrançois,$f1842-1908$4730$31206555 801 #0 $aPT$bBN 801 #1 $aFR$bJOUVE 966 ## $lBN$mFGMON$sL. 10721//1 V. $x0
Etiqueta de registo: 00379nam 2200205 450 001 2263403 003 http://id.bnportugal.gov.pt/bib/catbnp/2263403 100 ## $a20260209f18951900m y0pory01030103ba 101 0# $afre 102 ## $aFR 106 ## $ar 200 1# $aContes en prose$fFrançois Coppé$gil. W. A. Lambrecht 210 #9 $aParis$cCalmann-Lévy,$d[189-] 215 ## $a106, [2] p. 225 2# $aNouvelle collection illustrée Calmann-Levy 317 ## $aBiblioteca João Evangelista Campos Lima$5PTBN: 700 #1 $aCoppé,$bFrançois,$f1842-1908$31206555 702 #1 $aLambrecht,$bW. A.,$f1876-1940$4440$31984318 801 #0 $aPT$bBN$gRPC 966 ## $lBN$mFGMON$pBiblioteca João Evangelista Campos Lima$x3 971 ## $cabrito$d20260209 975 ## $e0$d20260304$viquintas
|
|
|